Economic geography of cross-border migration (Record no. 1225040)

MARC details
000 -LEADER
fixed length control field 00763nam a2200229Ia 4500
005 - DATE AND TIME OF LATEST TRANSACTION
control field 20241129104237.0
008 - FIXED-LENGTH DATA ELEMENTS--GENERAL INFORMATION
fixed length control field 241129s9999||||xx |||||||||||||| ||und||
020 ## - INTERNATIONAL STANDARD BOOK NUMBER
International Standard Book Number 9783030482909
037 ## - SOURCE OF ACQUISITION
Stock number Textual
040 ## - CATALOGING SOURCE
Original cataloging agency RTL
Language of cataloging eng
Transcribing agency RTL
041 ## - LANGUAGE CODE
Language code of text/sound track or separate title eng
Source of code eng
084 ## - COLON CLASSIFICATION NUMBER
Classification number U6:582 R1
Assigning agency RTL
100 ## - MAIN ENTRY--PERSONAL NAME
Personal name Kourtit Karima; Newbold Bruce; Nijkamp Peter
9 (RLIN) 725404
245 #0 - TITLE STATEMENT
Title Economic geography of cross-border migration
Statement of responsibility, etc. Kourtit Karima; Newbold Bruce; Nijkamp Peter
260 ## - PUBLICATION, DISTRIBUTION, ETC.
Place of publication, distribution, etc. Singapore
Name of publisher, distributor, etc. Springer
Date of publication, distribution, etc. 2021
300 ## - PHYSICAL DESCRIPTION
Extent vii,581p.
365 ## - TRADE PRICE
Price type code INR
Price amount 14810 .27
490 ## - SERIES STATEMENT
Series statement Footprints of Regional Science: The voice of Regional Science
650 ## - SUBJECT ADDED ENTRY--TOPICAL TERM
Topical term or geographic name entry element Economic Geography- Migration
9 (RLIN) 725405
942 ## - ADDED ENTRY ELEMENTS (KOHA)
Koha item type Textbook
Classification part U6:582 R1
Holdings
Withdrawn status Lost status Damaged status Not for loan Home library Current library Date acquired Source of acquisition Inventory number Total Checkouts Full call number Barcode Date last seen Price effective from Koha item type
        Ratan Tata Library Ratan Tata Library 2024-11-29 Excel book int 57 & 15/12/2023   U6:582 R1 RT1502976 2024-11-29 2024-11-29 Textbook
Copyright @ Delhi University Library System